It looks like you're offline.
Open Library logo
additional options menu

MARC record from Internet Archive

LEADER: 01044cam a2200265 a 4500
001 95023303
003 DLC
005 20040621204911.0
008 950613s1996 nyua b 001 0 eng
010 $a 95023303
020 $a0471547689 (cloth : alk. paper)
040 $aDLC$cDLC$dDLC
050 00 $aTA340$b.S35 1996
082 00 $a620/.001/5195$220
100 1 $aSchiff, Daniel,$d1925-
245 10 $aPractical engineering statistics /$cDaniel Schiff, Ralph B. D'Agostino.
260 $aNew York :$bWiley,$cc1996.
300 $axiv, 309 p. :$bill. ;$c25 cm.
500 $a"A Wiley-Interscience publication."
504 $aIncludes bibliographical references (p. 305) and index.
650 0 $aEngineering$xStatistical methods.
700 1 $aD'Agostino, Ralph B.
856 42 $3Contributor biographical information$uhttp://www.loc.gov/catdir/bios/wiley044/95023303.html
856 42 $3Publisher description$uhttp://www.loc.gov/catdir/description/wiley037/95023303.html
856 4 $3Table of Contents$uhttp://www.loc.gov/catdir/toc/onix01/95023303.html